Loading...
| Auditory Arts | 5 | 14.00 | 100% | 20% | 20% |
| Beliefs | 5 | 14.00 | 80% | 60% | 0% |
| Current Events | 2 | 20.00 | 100% | 50% | 50% |
| Fine Arts - Other Arts | 2 | 15.00 | 100% | 0% | 50% |
| Geography | 1 | 0.00 | 0% | 0% | 0% |
| History - American History | 4 | 12.50 | 100% | 25% | 0% |
| History - Ancient History | 2 | 10.00 | 100% | 0% | 0% |
| History - European History | 4 | 15.00 | 75% | 50% | 25% |
| History - Other History | 1 | 20.00 | 100% | 100% | 0% |
| History - World History | 3 | 13.33 | 100% | 0% | 33% |
| Literature - American Literature | 4 | 20.00 | 75% | 75% | 50% |
| Literature - British Literature | 4 | 17.50 | 100% | 75% | 0% |
| Literature - European Literature | 2 | 15.00 | 100% | 50% | 0% |
| Literature - World Literature | 4 | 12.50 | 100% | 25% | 0% |
| Philosophy | 1 | 10.00 | 100% | 0% | 0% |
| Science - Biology | 1 | 0.00 | 0% | 0% | 0% |
| Science - Chemistry | 4 | 17.50 | 100% | 50% | 25% |
| Science - Other Science | 4 | 5.00 | 0% | 25% | 25% |
| Science - Physics | 4 | 15.00 | 100% | 50% | 0% |
| Social Science | 5 | 16.00 | 100% | 60% | 0% |
| Visual Arts | 5 | 20.00 | 100% | 80% | 20% |